Länder nach ihrer Schrift - Statistiken

Allgemein
  • Dieses Quiz wurde 173 mal gespielt
  • Das Durchschnittsergebnis liegt bei 7 aus 18
Antwortstatistiken
Schrift Land % Korrekt
フォント Japan
92%
шрифт diverse (Kyrillisch)
77%
字形 China, Taiwan, Singapur
73%
γραμματοσειρά Griechenland
65%
폰트 Nordkorea, Südkorea
61%
แบบอักษร Thailand
51%
الخط diverse (Naschī)
50%
फ़ॉन्ट Indien
48%
შრიფტი Georgien
23%
տառատեսակ Armenien
22%
גוֹפָן Israel
22%
ليکب .ه Afghanistan
21%
ফন্ট Bangladesch
19%
ຕົວອັກສອນ Laos
19%
ពុម្ពអក្សរ Kambodscha
17%
ቅርጸ-ቁምፊ Äthiopien
15%
අකුරු Sri Lanka
15%
ဖောင့် Myanmar
12%
Keine übereinstimmenden Quizze gefunden
Verteilung der Resultate
Anzahl Personen mit jedem Resultat
Perzentil nach korrekt beantworteten Fragen
Ihre Resultats-Entwicklung
Sie haben dieses Quiz noch nicht gespielt